| 000 | 00839nam a2200205 a 4500 | ||
|---|---|---|---|
| 001 | 000042875 | ||
| 005 | 20201002040450.0 | ||
| 008 | 140211s2007 sp 000 0 spa d | ||
| 020 | _a9788476356937 | ||
| 040 |
_aDO-SdBNP _bspa _cBNPHU |
||
| 082 |
_axxx _bxxx |
||
| 111 | 2 |
_aGrand seminaire de Neuchâtel, Coloquio Internacional Cristina Fernández Cubas _d17-19 de mayo de 2005 : _cMadrid) _970293 |
|
| 245 | 1 | 0 |
_aCristina Fernández Cubas : _bGrand séminaire de Neuchâtel (2005). |
| 260 |
_aMadrid : _bArco/Libros, _c2007. |
||
| 490 | 1 | _aCuadernos de narrativa | |
| 500 | _aEn la portada: Centro de Investigación de Narrativa Española, Universidad de Neuchâtel . | ||
| 500 | _aIncluye referencias bibliográficas y notas al pie de las páginas. | ||
| 504 | _aBibliografía: p. [197]-204 | ||
| 830 | 0 |
_aCuadernos de narrativa _969549 |
|
| 999 |
_c42364 _d42364 |
||